[Event "SWE-chT2 0708"]
[Site "Sweden"]
[Date "2008.02.23"]
[Round "6"]
[White "Nystrom, Jesper"]
[Black "Von Bromssen, Goran"]
[Result "1-0"]
[WhiteElo "1867"]
[BlackElo "2086"]
[PlyCount "55"]
[EventDate "2007.10.20"]
[EventType "team"]
[EventRounds "9"]
[EventCountry "SWE"]
[SourceTitle "EXT 2009"]
[Source "ChessBase"]
[SourceDate "2008.11.26"]
[SourceVersion "1"]
[SourceVersionDate "2008.11.26"]
[SourceQuality "1"]
[WhiteTeam "Lundby"]
[BlackTeam "Manhem II"]
[WhiteTeamCountry "SWE"]
[BlackTeamCountry "SWE"]

1. e4 Nf6 2. d3 e6 3. g3 d5 4. Nd2 dxe4 5. dxe4 Bd7 6. Bg2 Bc6 7. Ne2 Be7 8. 0-0 0-0 9. a4 a5 10. b3 Na6 11. Bb2 Nc5 12. f3 Qb8 13. Nd4 Be8 14. Qe2 c6 15. f4 b5 16. axb5 cxb5 17. e5 Nd5 18. f5 Ra6 19. f6 gxf6 20. exf6 Nxf6 21. Nc6 Bxc6 22. Rxf6 Rc8 23. Qg4+ Kf8 24. Rxf7+ Kxf7 25. Qh5+ Kg8 26. Rf1 Be8 27. Qh6 e5 28. Bd5+ 1-0

[Event "SWE-chT2 0708"]
[Site "Sweden"]
[Date "2008.02.02"]
[Round "6"]
[White "Nystrom, Jesper"]
[Black "Al Saadi, Ali Ghazi"]
[Result "1-0"]
[WhiteElo "1867"]
[BlackElo "2128"]
[PlyCount "69"]
[EventDate "2007.10.20"]
[EventType "team"]
[EventRounds "9"]
[EventCountry "SWE"]
[SourceTitle "EXT 2009"]
[Source "ChessBase"]
[SourceDate "2008.11.26"]
[SourceVersion "1"]
[SourceVersionDate "2008.11.26"]
[SourceQuality "1"]
[WhiteTeam "Lundby"]
[BlackTeam "Eksjo"]
[WhiteTeamCountry "SWE"]
[BlackTeamCountry "SWE"]

1. e4 e5 2. Nc3 Nf6 3. Bc4 Nxe4 4. Nxe4 d5 5. Bb3 dxe4 6. Qe2 f5 7. f3 Qd4 8. Bc4 Nc6 9. d3 exd3 10. Bxd3 Bb4+ 11. Kf1 Bc5 12. c3 Qd6 13. b4 Bb6 14. Bb2 0-0 15. Rd1 Qf6 16. Nh3 Be6 17. Bc1 e4 18. Bc4 Ne5 19. Bxe6+ Qxe6 20. Nf4 Qc4 21. Qxc4+ Nxc4 22. Ke2 exf3+ 23. Kxf3 Ne5+ 24. Kg3 g5 25. Nd5 f4+ 26. Kh3 Bf2 27. g4 Rf7 28. Rhf1 Bb6 29. Rfe1 Ng6 30. c4 Bf2 31. Re6 Raf8 32. Kg2 Bh4 33. Bb2 f3+ 34. Kf1 Nf4 35. Ne7+ 1-0

[Event "SWE-chT2 0708"]
[Site "Sweden"]
[Date "2007.10.20"]
[Round "1"]
[White "Nystrom, Jesper"]
[Black "Hammarstrom, Ulf"]
[Result "1/2-1/2"]
[WhiteElo "1866"]
[BlackElo "2103"]
[PlyCount "37"]
[EventDate "2007.10.20"]
[EventType "team"]
[EventRounds "9"]
[EventCountry "SWE"]
[SourceTitle "EXT 2009"]
[Source "ChessBase"]
[SourceDate "2008.11.26"]
[SourceVersion "1"]
[SourceVersionDate "2008.11.26"]
[SourceQuality "1"]
[WhiteTeam "Lundby"]
[BlackTeam "Umea Rockaden"]
[WhiteTeamCountry "SWE"]
[BlackTeamCountry "SWE"]

1. e4 e5 2. Nc3 Nf6 3. f4 d5 4. d4 exd4 5. Qxd4 dxe4 6. Qxd8+ Kxd8 7. Bc4 Be6 8. Bxe6 fxe6 9. Nh3 Bb4 10. Bd2 Bxc3 11. Bxc3 Nbd7 12. 0-0-0 Ke7 13. Rhe1 Rad8 14. Ng5 b6 15. Nxe4 Nxe4 16. Rxe4 Nf6 17. Ra4 Rxd1+ 18. Kxd1 Rd8+ 19. Ke2 1/2-1/2